<?xml version="1.0" encoding="UTF-8"?>
<record
    xmlns:xsi="http://www.w3.org/2001/XMLSchema-instance"
    xsi:schemaLocation="http://www.loc.gov/MARC21/slim http://www.loc.gov/standards/marcxml/schema/MARC21slim.xsd"
    xmlns="http://www.loc.gov/MARC21/slim">

  <leader>01015nam a2200217Ia 4500</leader>
  <datafield tag="952" ind1=" " ind2=" ">
    <subfield code="0">0</subfield>
    <subfield code="1">0</subfield>
    <subfield code="4">0</subfield>
    <subfield code="7">0</subfield>
    <subfield code="a">04</subfield>
    <subfield code="b">04</subfield>
    <subfield code="d">2011-10-14</subfield>
    <subfield code="l">46</subfield>
    <subfield code="m">1</subfield>
    <subfield code="o">HV9076  D38 2003</subfield>
    <subfield code="p">04 003694</subfield>
    <subfield code="r">2024-07-22</subfield>
    <subfield code="s">2018-10-05</subfield>
    <subfield code="t">1</subfield>
    <subfield code="w">2012-06-24</subfield>
    <subfield code="y">LB</subfield>
  </datafield>
  <datafield tag="999" ind1=" " ind2=" ">
    <subfield code="c">62970</subfield>
    <subfield code="d">62970</subfield>
  </datafield>
  <controlfield tag="008">120625s2003    ag            000 0 spa d</controlfield>
  <datafield tag="020" ind1=" " ind2=" ">
    <subfield code="a">9501419061</subfield>
  </datafield>
  <datafield tag="050" ind1="1" ind2="4">
    <subfield code="a">HV9076</subfield>
    <subfield code="b">D38 2003</subfield>
  </datafield>
  <datafield tag="100" ind1="1" ind2=" ">
    <subfield code="a">David, Pedro R</subfield>
    <subfield code="e">autor</subfield>
  </datafield>
  <datafield tag="245" ind1="1" ind2="0">
    <subfield code="a">Sociolog&#xED;a criminal juvenil</subfield>
    <subfield code="c">/ Pedro R. David</subfield>
  </datafield>
  <datafield tag="250" ind1=" " ind2=" ">
    <subfield code="a">6a edici&#xF3;n</subfield>
  </datafield>
  <datafield tag="260" ind1="3" ind2=" ">
    <subfield code="a">Buenos Aires</subfield>
    <subfield code="a">Argentina</subfield>
    <subfield code="b">: LexisNexis</subfield>
    <subfield code="b">: Depalma</subfield>
    <subfield code="c">, 2003</subfield>
  </datafield>
  <datafield tag="300" ind1=" " ind2=" ">
    <subfield code="a">479 p&#xE1;ginas</subfield>
  </datafield>
  <datafield tag="500" ind1=" " ind2=" ">
    <subfield code="a">Incluye referencias bibliogr&#xE1;ficas (p. [439]-467) e &#xED;ndice</subfield>
  </datafield>
  <datafield tag="500" ind1=" " ind2=" ">
    <subfield code="a">Portada: Sexta edici&#xF3;n actualizada</subfield>
  </datafield>
  <datafield tag="505" ind1="1" ind2=" ">
    <subfield code="a">Pol&#xED;ticas sociales
Criminal 
Prevenci&#xF3;n del delito
Sociolog&#xED;a del derecho
Sociolog&#xED;a jur&#xED;dica criminal
Teorias de delincuencia juvenil 
Comunidad y delincuencia juvenil 
Psicolog&#xED;a y caracterolog&#xED;a
Instituciones correccionales 
Justicia y solidaridad</subfield>
  </datafield>
  <datafield tag="519" ind1=" " ind2=" ">
    <subfield code="a">Plan Flexible / </subfield>
    <subfield code="b">Criminal&#xED;stica /  </subfield>
    <subfield code="c">Sociolog&#xED;a Criminal (P02-) / </subfield>
    <subfield code="d">(04 003694)</subfield>
  </datafield>
  <datafield tag="650" ind1="1" ind2="4">
    <subfield code="a">DELINCUENCIA JUVENIL</subfield>
  </datafield>
  <datafield tag="650" ind1="2" ind2="4">
    <subfield code="a">TRABAJO SOCIAL CON DELINCUENTES JUVENILES</subfield>
  </datafield>
  <datafield tag="942" ind1=" " ind2=" ">
    <subfield code="c">LB</subfield>
  </datafield>
</record>
